2020年東京都知事選挙の立候補者 - Statistics

General Stats
  • This quiz has been taken 83 times
  • The average score is 6 of 22
Answer Stats
候補者名 党派 得票数 % Correct
小池百合子 無所属 3,661,371
97%
山本太郎 れいわ新選組 657,277
83%
後藤輝樹 トランスヒューマニスト党 21,997
69%
立花孝志 ホリエモン新党 43,912
66%
宇都宮健児 無所属 844,151
57%
桜井誠 日本第一党 178,784
57%
小野泰輔 無所属 612,530
26%
西本誠 スーパークレイジー君党 11,887
26%
平塚正幸 国民主権党 8,997
26%
七海ひろこ 幸福実現党 22,003
21%
齊藤健一郎 ホリエモン新党 5,114
20%
内藤久遠 無所属 4,145
10%
牛尾和恵 無所属 1,510
10%
竹本秀之 無所属 3,997
7%
沢しおん 無所属 20,738
6%
込山洋 無所属 10,935
6%
押越清悦 無所属 2,708
6%
服部修 ホリエモン新党 5,453
4%
市川浩司 庶民と動物の会 4,760
4%
関口安弘 無所属 4,097
4%
石井均 無所属 3,356
3%
長澤育弘 無所属 2,955
1%
No matching quizzes found
Score Distribution
Percent of People with Each Score
Percentile by Number Answered
Your Score History
You have not taken this quiz